Essential Organic Chemistry : (Record no. 77151)

MARC details
000 -LEADER
fixed length control field 00656nam a22001937a 4500
005 - DATE AND TIME OF LATEST TRANSACTION
control field 20130703124548.0
010 ## - LCCN (DPL NO)
LC control number B-508994-995
020 ## - INTERNATIONAL STANDARD BOOK NUMBER
Terms of availability 840.00
International Standard Book Number 9789380068831
035 ## - SYSTEM CONTROL NUMBER
System control number B-508994-995
037 ## - SOURCE OF ACQUISITION
Source of stock number/acquisition KBD/Ven
082 ## - DEWEY DECIMAL CLASSIFICATION NUMBER
Classification number 547
100 ## - MAIN ENTRY--PERSONAL NAME
Personal name Shahi, Ranjeet
245 ## - TITLE STATEMENT
Title Essential Organic Chemistry :
Statement of responsibility, etc by Ranjeet Shahi
Remainder of title the 'mechanism' approach.../
260 ## - PUBLICATION, DISTRIBUTION, ETC. (IMPRINT)
Place of publication, distribution, etc Meerut
Name of publisher, distributor, etc Arihant Publications
Date of publication, distribution, etc 20?
270 ## - ADDRESS
Address Kalindi, TP Nagar,
City Meerut
Postal code 250002
Telephone number 0121-2401479
300 ## - PHYSICAL DESCRIPTION
Extent 1437p.
Dimensions 25cm(pbk)
942 ## - ADDED ENTRY ELEMENTS (KOHA)
Source of classification or shelving scheme Dewey Decimal Classification
Item type English Books
Classification part 547
Call number suffix RAN
Holdings
Withdrawn status Lost status Not for loan Collection code Home library Current library Date acquired Source of acquisition Cost, normal purchase price Full call number Barcode Copy number Cost, replacement price Koha item type
      Non-fiction Sarojini Nagar Sarojini Nagar 03/07/2013 KBD/BL20/19.03.2013/171/08.01.2013/22.3.2013 840.00 547 RAN B-508994 1 840.00 English Books
    Not For Loan Non-fiction South Zone Lib (REF) South Zone Lib (REF) 03/07/2013 KBD/BL20/19.03.2013/171/08.01.2013/22.3.2013 840.00 547 RAN B-508995 1 840.00 English Books

© Delhi Public Library
Hit Counter
free hit counter